Statistics for Top 20 Wide Receivers Going into the 2020 NFL Season

Click here to take the quiz!

General Stats

  • This quiz has been taken 197 times
    (189 since last reset)
  • The average score is 19 of 20

Answer Stats

TeamPlayer% Correct
GBDavante Adams
99%
ARIDeAndre Hopkins
99%
ATLJulio Jones
99%
KCTyreek Hill
99%
NOMichael Thomas
98%
MINAdam Thielen
97%
DALAmari Cooper
97%
PITJu Ju Smith-Schuster
97%
LACKeenan Allen
96%
TBMike Evans
96%
CLEOdell Beckham
95%
BUFStefon Diggs
95%
TBChris Godwin
94%
SEATyler Lockett
93%
CLEJarvis Landry
92%
MIADeVante Parker
88%
NEJulian Edelman
85%
CARD.J. Moore
83%
DETKenny Golladay
82%
ARILarry Fitzgerald
82%

Score Distribution

Percentile by Number Answered

Percent of People with Each Score

Your Score History

You have not taken this quiz since the last reset